<?xml version="1.0" encoding="UTF-8"?>
<record
    xmlns:xsi="http://www.w3.org/2001/XMLSchema-instance"
    xsi:schemaLocation="http://www.loc.gov/MARC21/slim http://www.loc.gov/standards/marcxml/schema/MARC21slim.xsd"
    xmlns="http://www.loc.gov/MARC21/slim">

  <leader>00849nam a22002417a 4500</leader>
  <controlfield tag="003">3228</controlfield>
  <controlfield tag="005">20251009111642.0</controlfield>
  <controlfield tag="008">230719b        sa a|||| |||| 00| 1 ZUL d</controlfield>
  <datafield tag="020" ind1=" " ind2=" ">
    <subfield code="a">9781431028733 (Paperback)</subfield>
  </datafield>
  <datafield tag="040" ind1=" " ind2=" ">
    <subfield code="a">MPL</subfield>
    <subfield code="c">3228</subfield>
    <subfield code="b">eng</subfield>
    <subfield code="d">rda</subfield>
  </datafield>
  <datafield tag="082" ind1=" " ind2=" ">
    <subfield code="a">ZUL JF KHAW</subfield>
  </datafield>
  <datafield tag="100" ind1=" " ind2=" ">
    <subfield code="a">Khawula, B.P; Twala, C.N; Tlholoe, D; Tobela, F.F; Mhlungu, N.H; Mazibuko, T.V</subfield>
  </datafield>
  <datafield tag="245" ind1=" " ind2=" ">
    <subfield code="a"> kuyashisa, Incwadi yokufunda 8, ibanga R /</subfield>
    <subfield code="c">Khawula, BP</subfield>
  </datafield>
  <datafield tag="260" ind1=" " ind2=" ">
    <subfield code="a">Gauteng:</subfield>
    <subfield code="b"> Macmillan Education (Pty) Ltd; </subfield>
    <subfield code="c">2017.</subfield>
  </datafield>
  <datafield tag="300" ind1=" " ind2=" ">
    <subfield code="a">12 pages;</subfield>
    <subfield code="b">colour illustrator;</subfield>
    <subfield code="c">21 cm.</subfield>
  </datafield>
  <datafield tag="490" ind1=" " ind2=" ">
    <subfield code="a">Thokozani</subfield>
    <subfield code="v">Incwadi 8</subfield>
  </datafield>
  <datafield tag="521" ind1=" " ind2=" ">
    <subfield code="a">Grade R</subfield>
    <subfield code="b">Title of the book</subfield>
  </datafield>
  <datafield tag="650" ind1=" " ind2=" ">
    <subfield code="a"> Thokozani IsiZulu-Series-Fiction, Juvenile-Fiction</subfield>
    <subfield code="z">South Africa</subfield>
    <subfield code="9">180476</subfield>
  </datafield>
  <datafield tag="700" ind1=" " ind2=" ">
    <subfield code="a">Van Zyl, Sue</subfield>
    <subfield code="e">illustrator</subfield>
    <subfield code="9">180535</subfield>
  </datafield>
  <datafield tag="942" ind1=" " ind2=" ">
    <subfield code="2">ddc</subfield>
    <subfield code="c">BOOK</subfield>
    <subfield code="y">164</subfield>
    <subfield code="z">Cyprian Zikalala</subfield>
  </datafield>
  <datafield tag="942" ind1=" " ind2=" ">
    <subfield code="2">ddc</subfield>
    <subfield code="c">BOOK</subfield>
  </datafield>
  <datafield tag="942" ind1=" " ind2=" ">
    <subfield code="2">ddc</subfield>
    <subfield code="c">BOOK</subfield>
  </datafield>
  <datafield tag="999" ind1=" " ind2=" ">
    <subfield code="c">755498</subfield>
    <subfield code="d">755497</subfield>
  </datafield>
  <datafield tag="952" ind1=" " ind2=" ">
    <subfield code="0">0</subfield>
    <subfield code="1">0</subfield>
    <subfield code="2">ddc</subfield>
    <subfield code="4">0</subfield>
    <subfield code="7">0</subfield>
    <subfield code="8">F</subfield>
    <subfield code="a">STANRL</subfield>
    <subfield code="b">wakk</subfield>
    <subfield code="c">CHILD</subfield>
    <subfield code="d">2023-07-19</subfield>
    <subfield code="g">93.00</subfield>
    <subfield code="l">0</subfield>
    <subfield code="o">ZUL J F KHAW</subfield>
    <subfield code="p">33228031013931</subfield>
    <subfield code="r">2023-07-19</subfield>
    <subfield code="w">2023-07-19</subfield>
    <subfield code="y">BOOK</subfield>
  </datafield>
  <datafield tag="952" ind1=" " ind2=" ">
    <subfield code="0">0</subfield>
    <subfield code="1">0</subfield>
    <subfield code="2">ddc</subfield>
    <subfield code="4">0</subfield>
    <subfield code="7">0</subfield>
    <subfield code="8">F</subfield>
    <subfield code="a">STANRL</subfield>
    <subfield code="b">VUKU</subfield>
    <subfield code="c">GEN</subfield>
    <subfield code="d">2023-08-07</subfield>
    <subfield code="g">93.00</subfield>
    <subfield code="l">0</subfield>
    <subfield code="o">ZUL J F KHAW</subfield>
    <subfield code="p">33228031013565</subfield>
    <subfield code="r">2023-08-07</subfield>
    <subfield code="w">2023-08-07</subfield>
    <subfield code="y">BOOK</subfield>
  </datafield>
  <datafield tag="952" ind1=" " ind2=" ">
    <subfield code="0">0</subfield>
    <subfield code="1">0</subfield>
    <subfield code="2">ddc</subfield>
    <subfield code="4">0</subfield>
    <subfield code="7">0</subfield>
    <subfield code="8">F</subfield>
    <subfield code="a">STANRL</subfield>
    <subfield code="b">EMIZL</subfield>
    <subfield code="c">GEN</subfield>
    <subfield code="d">2023-08-24</subfield>
    <subfield code="g">93.00</subfield>
    <subfield code="l">0</subfield>
    <subfield code="o">ZUL J F KHAW</subfield>
    <subfield code="p">33228031153794</subfield>
    <subfield code="r">2023-08-24</subfield>
    <subfield code="w">2023-08-24</subfield>
    <subfield code="y">BOOK</subfield>
  </datafield>
  <datafield tag="952" ind1=" " ind2=" ">
    <subfield code="0">0</subfield>
    <subfield code="1">0</subfield>
    <subfield code="2">ddc</subfield>
    <subfield code="4">0</subfield>
    <subfield code="7">0</subfield>
    <subfield code="8">F</subfield>
    <subfield code="a">STANRL</subfield>
    <subfield code="b">EMIZL</subfield>
    <subfield code="c">GEN</subfield>
    <subfield code="d">2023-08-24</subfield>
    <subfield code="g">93.00</subfield>
    <subfield code="l">0</subfield>
    <subfield code="o">ZUL J F KHAW</subfield>
    <subfield code="p">33228031153793</subfield>
    <subfield code="r">2023-08-24</subfield>
    <subfield code="w">2023-08-24</subfield>
    <subfield code="y">BOOK</subfield>
  </datafield>
  <datafield tag="952" ind1=" " ind2=" ">
    <subfield code="0">0</subfield>
    <subfield code="1">0</subfield>
    <subfield code="2">ddc</subfield>
    <subfield code="4">0</subfield>
    <subfield code="7">0</subfield>
    <subfield code="a">LYDEL</subfield>
    <subfield code="b">MPSTL</subfield>
    <subfield code="d">2025-01-22</subfield>
    <subfield code="l">0</subfield>
    <subfield code="o">ZUL JF KHAW</subfield>
    <subfield code="p">33228031103583</subfield>
    <subfield code="r">2025-01-22</subfield>
    <subfield code="w">2025-01-22</subfield>
    <subfield code="y">BOOK</subfield>
  </datafield>
  <datafield tag="952" ind1=" " ind2=" ">
    <subfield code="0">0</subfield>
    <subfield code="1">0</subfield>
    <subfield code="2">ddc</subfield>
    <subfield code="4">0</subfield>
    <subfield code="7">0</subfield>
    <subfield code="a">LYDEL</subfield>
    <subfield code="b">MPSTL</subfield>
    <subfield code="d">2025-01-23</subfield>
    <subfield code="l">0</subfield>
    <subfield code="o">ZUL JF KHAW</subfield>
    <subfield code="p">33228031103582</subfield>
    <subfield code="r">2025-01-23</subfield>
    <subfield code="w">2025-01-23</subfield>
    <subfield code="y">BOOK</subfield>
  </datafield>
  <datafield tag="952" ind1=" " ind2=" ">
    <subfield code="0">0</subfield>
    <subfield code="1">0</subfield>
    <subfield code="2">ddc</subfield>
    <subfield code="4">0</subfield>
    <subfield code="7">0</subfield>
    <subfield code="a">LYDEL</subfield>
    <subfield code="b">MPSTL</subfield>
    <subfield code="c">FIC</subfield>
    <subfield code="d">2025-01-23</subfield>
    <subfield code="l">0</subfield>
    <subfield code="o">ZUL JF KHAW</subfield>
    <subfield code="p">33228031103595</subfield>
    <subfield code="r">2025-01-23</subfield>
    <subfield code="w">2025-01-23</subfield>
    <subfield code="y">BOOK</subfield>
  </datafield>
  <datafield tag="952" ind1=" " ind2=" ">
    <subfield code="0">0</subfield>
    <subfield code="1">0</subfield>
    <subfield code="2">ddc</subfield>
    <subfield code="4">0</subfield>
    <subfield code="7">0</subfield>
    <subfield code="a">LYDEL</subfield>
    <subfield code="b">LEROL</subfield>
    <subfield code="d">2025-02-26</subfield>
    <subfield code="l">0</subfield>
    <subfield code="o">ZUL JF KHAW</subfield>
    <subfield code="p">3322803184915</subfield>
    <subfield code="r">2025-02-26</subfield>
    <subfield code="w">2025-02-26</subfield>
    <subfield code="y">BOOK</subfield>
  </datafield>
  <datafield tag="952" ind1=" " ind2=" ">
    <subfield code="0">0</subfield>
    <subfield code="1">0</subfield>
    <subfield code="2">ddc</subfield>
    <subfield code="4">0</subfield>
    <subfield code="7">0</subfield>
    <subfield code="a">LYDEL</subfield>
    <subfield code="b">LEROL</subfield>
    <subfield code="d">2025-03-05</subfield>
    <subfield code="g">81.51</subfield>
    <subfield code="l">0</subfield>
    <subfield code="o">ZUL JF KHAW</subfield>
    <subfield code="p">3322803184916</subfield>
    <subfield code="r">2025-03-05</subfield>
    <subfield code="w">2025-03-05</subfield>
    <subfield code="y">BOOK</subfield>
  </datafield>
  <datafield tag="952" ind1=" " ind2=" ">
    <subfield code="0">0</subfield>
    <subfield code="1">0</subfield>
    <subfield code="2">ddc</subfield>
    <subfield code="4">0</subfield>
    <subfield code="7">0</subfield>
    <subfield code="a">LYDEL</subfield>
    <subfield code="b">LEROL</subfield>
    <subfield code="d">2025-03-05</subfield>
    <subfield code="g">81.51</subfield>
    <subfield code="l">0</subfield>
    <subfield code="o">ZUL JF KHAW</subfield>
    <subfield code="p">3322803184880</subfield>
    <subfield code="r">2025-03-05</subfield>
    <subfield code="w">2025-03-05</subfield>
    <subfield code="y">BOOK</subfield>
  </datafield>
  <datafield tag="952" ind1=" " ind2=" ">
    <subfield code="0">0</subfield>
    <subfield code="1">0</subfield>
    <subfield code="2">ddc</subfield>
    <subfield code="4">0</subfield>
    <subfield code="7">0</subfield>
    <subfield code="a">LYDEL</subfield>
    <subfield code="b">LEROL</subfield>
    <subfield code="d">2025-03-05</subfield>
    <subfield code="g">81.51</subfield>
    <subfield code="l">0</subfield>
    <subfield code="o">ZUL JF KHAW</subfield>
    <subfield code="p">3322803184879</subfield>
    <subfield code="r">2025-03-05</subfield>
    <subfield code="w">2025-03-05</subfield>
    <subfield code="y">BOOK</subfield>
  </datafield>
  <datafield tag="952" ind1=" " ind2=" ">
    <subfield code="0">0</subfield>
    <subfield code="1">0</subfield>
    <subfield code="2">ddc</subfield>
    <subfield code="4">0</subfield>
    <subfield code="7">0</subfield>
    <subfield code="8">F</subfield>
    <subfield code="a">ERMELL</subfield>
    <subfield code="b">THANPL</subfield>
    <subfield code="c">CHILD</subfield>
    <subfield code="d">2025-03-17</subfield>
    <subfield code="g">85.00</subfield>
    <subfield code="l">0</subfield>
    <subfield code="o">ZUL KF KHAW</subfield>
    <subfield code="p">3322803174620</subfield>
    <subfield code="r">2025-03-17</subfield>
    <subfield code="w">2025-03-17</subfield>
    <subfield code="y">BOOK</subfield>
  </datafield>
  <datafield tag="952" ind1=" " ind2=" ">
    <subfield code="0">0</subfield>
    <subfield code="1">0</subfield>
    <subfield code="2">ddc</subfield>
    <subfield code="4">0</subfield>
    <subfield code="7">0</subfield>
    <subfield code="a">LYDEL</subfield>
    <subfield code="b">MASHML</subfield>
    <subfield code="d">2025-05-29</subfield>
    <subfield code="l">0</subfield>
    <subfield code="o">ZUL JF KHAW</subfield>
    <subfield code="p">3228200023946</subfield>
    <subfield code="r">2025-05-29</subfield>
    <subfield code="w">2025-05-29</subfield>
    <subfield code="y">BOOK</subfield>
  </datafield>
  <datafield tag="952" ind1=" " ind2=" ">
    <subfield code="0">0</subfield>
    <subfield code="1">0</subfield>
    <subfield code="2">ddc</subfield>
    <subfield code="4">0</subfield>
    <subfield code="7">0</subfield>
    <subfield code="a">LYDEL</subfield>
    <subfield code="b">MASHML</subfield>
    <subfield code="d">2025-05-29</subfield>
    <subfield code="l">0</subfield>
    <subfield code="o">ZUL JF KHAW</subfield>
    <subfield code="p">3228200023947</subfield>
    <subfield code="r">2025-05-29</subfield>
    <subfield code="w">2025-05-29</subfield>
    <subfield code="y">BOOK</subfield>
  </datafield>
  <datafield tag="952" ind1=" " ind2=" ">
    <subfield code="0">0</subfield>
    <subfield code="1">0</subfield>
    <subfield code="2">ddc</subfield>
    <subfield code="4">0</subfield>
    <subfield code="7">0</subfield>
    <subfield code="8">F</subfield>
    <subfield code="a">KWAML</subfield>
    <subfield code="b">SIYABL</subfield>
    <subfield code="c">CHILD</subfield>
    <subfield code="d">2025-07-21</subfield>
    <subfield code="l">0</subfield>
    <subfield code="o">ZUL JF KHAW</subfield>
    <subfield code="p">33228031085419</subfield>
    <subfield code="r">2025-07-21</subfield>
    <subfield code="w">2025-07-21</subfield>
    <subfield code="y">BOOK</subfield>
  </datafield>
  <datafield tag="952" ind1=" " ind2=" ">
    <subfield code="0">0</subfield>
    <subfield code="1">0</subfield>
    <subfield code="2">ddc</subfield>
    <subfield code="4">0</subfield>
    <subfield code="7">0</subfield>
    <subfield code="a">MASHML</subfield>
    <subfield code="b">MASHML</subfield>
    <subfield code="d">2025-09-17</subfield>
    <subfield code="l">0</subfield>
    <subfield code="o">ZUL JF KHAW</subfield>
    <subfield code="p">3228200024229</subfield>
    <subfield code="r">2025-09-17</subfield>
    <subfield code="w">2025-09-17</subfield>
    <subfield code="y">BOOK</subfield>
  </datafield>
  <datafield tag="952" ind1=" " ind2=" ">
    <subfield code="0">0</subfield>
    <subfield code="1">0</subfield>
    <subfield code="2">ddc</subfield>
    <subfield code="4">0</subfield>
    <subfield code="7">0</subfield>
    <subfield code="a">LYDBL</subfield>
    <subfield code="b">LYDBL</subfield>
    <subfield code="d">2025-10-09</subfield>
    <subfield code="l">0</subfield>
    <subfield code="o">ZUL JF KHAW</subfield>
    <subfield code="p">3228200024387</subfield>
    <subfield code="r">2025-10-09</subfield>
    <subfield code="w">2025-10-09</subfield>
    <subfield code="y">BOOK</subfield>
  </datafield>
  <datafield tag="952" ind1=" " ind2=" ">
    <subfield code="0">0</subfield>
    <subfield code="1">0</subfield>
    <subfield code="2">ddc</subfield>
    <subfield code="4">0</subfield>
    <subfield code="7">0</subfield>
    <subfield code="a">LYDBL</subfield>
    <subfield code="b">LYDBL</subfield>
    <subfield code="d">2025-10-09</subfield>
    <subfield code="l">0</subfield>
    <subfield code="o">ZUL JF KHAW</subfield>
    <subfield code="p">3228200024376</subfield>
    <subfield code="r">2025-10-09</subfield>
    <subfield code="w">2025-10-09</subfield>
    <subfield code="y">BOOK</subfield>
  </datafield>
  <datafield tag="952" ind1=" " ind2=" ">
    <subfield code="0">0</subfield>
    <subfield code="1">0</subfield>
    <subfield code="2">ddc</subfield>
    <subfield code="4">0</subfield>
    <subfield code="7">0</subfield>
    <subfield code="a">LYDBL</subfield>
    <subfield code="b">LYDBL</subfield>
    <subfield code="d">2025-10-09</subfield>
    <subfield code="l">0</subfield>
    <subfield code="o">ZUL JF KHAW</subfield>
    <subfield code="p">3228200024455</subfield>
    <subfield code="r">2025-10-09</subfield>
    <subfield code="w">2025-10-09</subfield>
    <subfield code="y">BOOK</subfield>
  </datafield>
  <datafield tag="952" ind1=" " ind2=" ">
    <subfield code="0">0</subfield>
    <subfield code="1">0</subfield>
    <subfield code="2">ddc</subfield>
    <subfield code="4">0</subfield>
    <subfield code="7">0</subfield>
    <subfield code="a">LYDBL</subfield>
    <subfield code="b">LYDBL</subfield>
    <subfield code="d">2025-10-09</subfield>
    <subfield code="l">0</subfield>
    <subfield code="o">ZUL JF KHAW</subfield>
    <subfield code="p">3228200024303</subfield>
    <subfield code="r">2025-10-09</subfield>
    <subfield code="w">2025-10-09</subfield>
    <subfield code="y">BOOK</subfield>
  </datafield>
  <datafield tag="952" ind1=" " ind2=" ">
    <subfield code="0">0</subfield>
    <subfield code="1">0</subfield>
    <subfield code="2">ddc</subfield>
    <subfield code="4">0</subfield>
    <subfield code="7">0</subfield>
    <subfield code="a">LYDEL</subfield>
    <subfield code="b">SIMIL</subfield>
    <subfield code="c">FIC</subfield>
    <subfield code="d">2025-10-27</subfield>
    <subfield code="l">0</subfield>
    <subfield code="o">ZUL JF KHAW</subfield>
    <subfield code="p">3228200024081</subfield>
    <subfield code="r">2025-10-27</subfield>
    <subfield code="w">2025-10-27</subfield>
    <subfield code="y">BOOK</subfield>
  </datafield>
  <datafield tag="952" ind1=" " ind2=" ">
    <subfield code="0">0</subfield>
    <subfield code="1">0</subfield>
    <subfield code="2">ddc</subfield>
    <subfield code="4">0</subfield>
    <subfield code="7">0</subfield>
    <subfield code="a">LYDEL</subfield>
    <subfield code="b">SIMIL</subfield>
    <subfield code="c">FIC</subfield>
    <subfield code="d">2025-10-27</subfield>
    <subfield code="l">0</subfield>
    <subfield code="o">ZUL JF KHAW</subfield>
    <subfield code="p">3228200024080</subfield>
    <subfield code="r">2025-10-27</subfield>
    <subfield code="w">2025-10-27</subfield>
    <subfield code="y">BOOK</subfield>
  </datafield>
  <datafield tag="952" ind1=" " ind2=" ">
    <subfield code="0">0</subfield>
    <subfield code="1">0</subfield>
    <subfield code="2">ddc</subfield>
    <subfield code="4">0</subfield>
    <subfield code="7">0</subfield>
    <subfield code="a">LYDEL</subfield>
    <subfield code="b">SIMIL</subfield>
    <subfield code="c">FIC</subfield>
    <subfield code="d">2025-10-27</subfield>
    <subfield code="l">0</subfield>
    <subfield code="o">ZUL JF KHAW</subfield>
    <subfield code="p">3322803183674</subfield>
    <subfield code="r">2025-10-27</subfield>
    <subfield code="w">2025-10-27</subfield>
    <subfield code="y">BOOK</subfield>
  </datafield>
  <datafield tag="952" ind1=" " ind2=" ">
    <subfield code="0">0</subfield>
    <subfield code="1">0</subfield>
    <subfield code="2">ddc</subfield>
    <subfield code="4">0</subfield>
    <subfield code="7">0</subfield>
    <subfield code="8">F</subfield>
    <subfield code="a">LYDEL</subfield>
    <subfield code="b">MASHL</subfield>
    <subfield code="c">FIC</subfield>
    <subfield code="d">2026-01-29</subfield>
    <subfield code="l">0</subfield>
    <subfield code="o">ZUL JF KHAW</subfield>
    <subfield code="p">3322803184070</subfield>
    <subfield code="r">2026-01-29</subfield>
    <subfield code="w">2026-01-29</subfield>
    <subfield code="y">BOOK</subfield>
  </datafield>
  <datafield tag="952" ind1=" " ind2=" ">
    <subfield code="0">0</subfield>
    <subfield code="1">0</subfield>
    <subfield code="2">ddc</subfield>
    <subfield code="4">0</subfield>
    <subfield code="7">0</subfield>
    <subfield code="8">F</subfield>
    <subfield code="a">LYDEL</subfield>
    <subfield code="b">MASHL</subfield>
    <subfield code="c">FIC</subfield>
    <subfield code="d">2026-02-05</subfield>
    <subfield code="l">0</subfield>
    <subfield code="o">ZUL JF KHAW</subfield>
    <subfield code="p">3322803184062</subfield>
    <subfield code="r">2026-02-05</subfield>
    <subfield code="w">2026-02-05</subfield>
    <subfield code="y">BOOK</subfield>
  </datafield>
  <datafield tag="952" ind1=" " ind2=" ">
    <subfield code="0">0</subfield>
    <subfield code="1">0</subfield>
    <subfield code="2">ddc</subfield>
    <subfield code="4">0</subfield>
    <subfield code="7">0</subfield>
    <subfield code="8">F</subfield>
    <subfield code="a">LYDEL</subfield>
    <subfield code="b">MASHL</subfield>
    <subfield code="c">FIC</subfield>
    <subfield code="d">2026-02-05</subfield>
    <subfield code="l">0</subfield>
    <subfield code="o">ZUL JF KHAW</subfield>
    <subfield code="p">3322803184068</subfield>
    <subfield code="r">2026-02-05</subfield>
    <subfield code="w">2026-02-05</subfield>
    <subfield code="y">BOOK</subfield>
  </datafield>
  <datafield tag="952" ind1=" " ind2=" ">
    <subfield code="0">0</subfield>
    <subfield code="1">0</subfield>
    <subfield code="2">ddc</subfield>
    <subfield code="4">0</subfield>
    <subfield code="7">0</subfield>
    <subfield code="a">LYDEL</subfield>
    <subfield code="b">GRASL</subfield>
    <subfield code="d">2026-05-20</subfield>
    <subfield code="l">0</subfield>
    <subfield code="o">ZUL JF KHAW</subfield>
    <subfield code="p">3228200075533</subfield>
    <subfield code="r">2026-05-20</subfield>
    <subfield code="w">2026-05-20</subfield>
    <subfield code="y">BOOK</subfield>
  </datafield>
  <datafield tag="952" ind1=" " ind2=" ">
    <subfield code="0">0</subfield>
    <subfield code="1">0</subfield>
    <subfield code="2">ddc</subfield>
    <subfield code="4">0</subfield>
    <subfield code="7">0</subfield>
    <subfield code="a">LYDEL</subfield>
    <subfield code="b">GRASL</subfield>
    <subfield code="d">2026-05-20</subfield>
    <subfield code="l">0</subfield>
    <subfield code="o">ZUL JF KHAW</subfield>
    <subfield code="p">3228200075532</subfield>
    <subfield code="r">2026-05-20</subfield>
    <subfield code="w">2026-05-20</subfield>
    <subfield code="y">BOOK</subfield>
  </datafield>
  <datafield tag="952" ind1=" " ind2=" ">
    <subfield code="0">0</subfield>
    <subfield code="1">0</subfield>
    <subfield code="2">ddc</subfield>
    <subfield code="4">0</subfield>
    <subfield code="7">0</subfield>
    <subfield code="a">LYDEL</subfield>
    <subfield code="b">GRASL</subfield>
    <subfield code="d">2026-05-20</subfield>
    <subfield code="l">0</subfield>
    <subfield code="o">ZUL JF KHAW</subfield>
    <subfield code="p">3228200075531</subfield>
    <subfield code="r">2026-05-20</subfield>
    <subfield code="w">2026-05-20</subfield>
    <subfield code="y">BOOK</subfield>
  </datafield>
  <datafield tag="952" ind1=" " ind2=" ">
    <subfield code="0">0</subfield>
    <subfield code="1">0</subfield>
    <subfield code="2">ddc</subfield>
    <subfield code="4">0</subfield>
    <subfield code="7">0</subfield>
    <subfield code="8">F</subfield>
    <subfield code="a">STANRL</subfield>
    <subfield code="b">amer</subfield>
    <subfield code="c">CHILD</subfield>
    <subfield code="d">2026-06-15</subfield>
    <subfield code="l">0</subfield>
    <subfield code="o">ZUL JF KHAW</subfield>
    <subfield code="p">3228200065461</subfield>
    <subfield code="r">2026-06-15</subfield>
    <subfield code="w">2026-06-15</subfield>
    <subfield code="y">BOOK</subfield>
  </datafield>
  <datafield tag="952" ind1=" " ind2=" ">
    <subfield code="0">0</subfield>
    <subfield code="1">0</subfield>
    <subfield code="2">ddc</subfield>
    <subfield code="4">0</subfield>
    <subfield code="7">0</subfield>
    <subfield code="8">F</subfield>
    <subfield code="a">STANRL</subfield>
    <subfield code="b">BETHL</subfield>
    <subfield code="c">CHILD</subfield>
    <subfield code="d">2026-06-15</subfield>
    <subfield code="l">0</subfield>
    <subfield code="o">ZUL JF KHAW</subfield>
    <subfield code="p">3228200065444</subfield>
    <subfield code="r">2026-06-15</subfield>
    <subfield code="w">2026-06-15</subfield>
    <subfield code="y">BOOK</subfield>
  </datafield>
  <datafield tag="952" ind1=" " ind2=" ">
    <subfield code="0">0</subfield>
    <subfield code="1">0</subfield>
    <subfield code="2">ddc</subfield>
    <subfield code="4">0</subfield>
    <subfield code="7">0</subfield>
    <subfield code="8">F</subfield>
    <subfield code="a">STANRL</subfield>
    <subfield code="b">BALFL</subfield>
    <subfield code="c">CHILD</subfield>
    <subfield code="d">2026-06-15</subfield>
    <subfield code="l">0</subfield>
    <subfield code="o">ZUL JF KHAW</subfield>
    <subfield code="p">3228200065448</subfield>
    <subfield code="r">2026-06-15</subfield>
    <subfield code="w">2026-06-15</subfield>
    <subfield code="y">BOOK</subfield>
  </datafield>
  <datafield tag="952" ind1=" " ind2=" ">
    <subfield code="0">0</subfield>
    <subfield code="1">0</subfield>
    <subfield code="2">ddc</subfield>
    <subfield code="4">0</subfield>
    <subfield code="7">0</subfield>
    <subfield code="8">F</subfield>
    <subfield code="a">STANRL</subfield>
    <subfield code="b">DAGGL</subfield>
    <subfield code="c">CHILD</subfield>
    <subfield code="d">2026-06-15</subfield>
    <subfield code="l">0</subfield>
    <subfield code="o">ZUL JF KHAW</subfield>
    <subfield code="p">3228200065459</subfield>
    <subfield code="r">2026-06-15</subfield>
    <subfield code="w">2026-06-15</subfield>
    <subfield code="y">BOOK</subfield>
  </datafield>
  <datafield tag="952" ind1=" " ind2=" ">
    <subfield code="0">0</subfield>
    <subfield code="1">0</subfield>
    <subfield code="2">ddc</subfield>
    <subfield code="4">0</subfield>
    <subfield code="7">0</subfield>
    <subfield code="8">F</subfield>
    <subfield code="a">STANRL</subfield>
    <subfield code="b">EMIZL</subfield>
    <subfield code="c">CHILD</subfield>
    <subfield code="d">2026-06-15</subfield>
    <subfield code="l">0</subfield>
    <subfield code="o">ZUL JF KHAW</subfield>
    <subfield code="p">3228200065500</subfield>
    <subfield code="r">2026-06-15</subfield>
    <subfield code="w">2026-06-15</subfield>
    <subfield code="y">BOOK</subfield>
  </datafield>
  <datafield tag="952" ind1=" " ind2=" ">
    <subfield code="0">0</subfield>
    <subfield code="1">0</subfield>
    <subfield code="2">ddc</subfield>
    <subfield code="4">0</subfield>
    <subfield code="7">0</subfield>
    <subfield code="8">F</subfield>
    <subfield code="a">STANRL</subfield>
    <subfield code="b">EMBAL</subfield>
    <subfield code="c">CHILD</subfield>
    <subfield code="d">2026-06-15</subfield>
    <subfield code="l">0</subfield>
    <subfield code="o">ZUL JF KHAW</subfield>
    <subfield code="p">3228200065443</subfield>
    <subfield code="r">2026-06-15</subfield>
    <subfield code="w">2026-06-15</subfield>
    <subfield code="y">BOOK</subfield>
  </datafield>
  <datafield tag="952" ind1=" " ind2=" ">
    <subfield code="0">0</subfield>
    <subfield code="1">0</subfield>
    <subfield code="2">ddc</subfield>
    <subfield code="4">0</subfield>
    <subfield code="7">0</subfield>
    <subfield code="8">F</subfield>
    <subfield code="a">STANRL</subfield>
    <subfield code="b">GROOL</subfield>
    <subfield code="c">CHILD</subfield>
    <subfield code="d">2026-06-15</subfield>
    <subfield code="l">0</subfield>
    <subfield code="o">ZUL JF KHAW</subfield>
    <subfield code="p">3228200065447</subfield>
    <subfield code="r">2026-06-15</subfield>
    <subfield code="w">2026-06-15</subfield>
    <subfield code="y">BOOK</subfield>
  </datafield>
  <datafield tag="952" ind1=" " ind2=" ">
    <subfield code="0">0</subfield>
    <subfield code="1">0</subfield>
    <subfield code="2">ddc</subfield>
    <subfield code="4">0</subfield>
    <subfield code="7">0</subfield>
    <subfield code="8">F</subfield>
    <subfield code="a">STANRL</subfield>
    <subfield code="b">KINRL</subfield>
    <subfield code="c">CHILD</subfield>
    <subfield code="d">2026-06-15</subfield>
    <subfield code="l">0</subfield>
    <subfield code="o">ZUL JF KHAW</subfield>
    <subfield code="p">3228200065527</subfield>
    <subfield code="r">2026-06-15</subfield>
    <subfield code="w">2026-06-15</subfield>
    <subfield code="y">BOOK</subfield>
  </datafield>
  <datafield tag="952" ind1=" " ind2=" ">
    <subfield code="0">0</subfield>
    <subfield code="1">0</subfield>
    <subfield code="2">ddc</subfield>
    <subfield code="4">0</subfield>
    <subfield code="7">0</subfield>
    <subfield code="8">F</subfield>
    <subfield code="a">STANRL</subfield>
    <subfield code="b">LEBOL</subfield>
    <subfield code="c">CHILD</subfield>
    <subfield code="d">2026-06-15</subfield>
    <subfield code="l">0</subfield>
    <subfield code="o">ZUL JF KHAW</subfield>
    <subfield code="p">3228200065456</subfield>
    <subfield code="r">2026-06-15</subfield>
    <subfield code="w">2026-06-15</subfield>
    <subfield code="y">BOOK</subfield>
  </datafield>
  <datafield tag="952" ind1=" " ind2=" ">
    <subfield code="0">0</subfield>
    <subfield code="1">0</subfield>
    <subfield code="2">ddc</subfield>
    <subfield code="4">0</subfield>
    <subfield code="7">0</subfield>
    <subfield code="8">F</subfield>
    <subfield code="a">STANRL</subfield>
    <subfield code="b">MORGL</subfield>
    <subfield code="c">CHILD</subfield>
    <subfield code="d">2026-06-15</subfield>
    <subfield code="l">0</subfield>
    <subfield code="o">ZUL JF KHAW</subfield>
    <subfield code="p">3228200065543</subfield>
    <subfield code="r">2026-06-15</subfield>
    <subfield code="w">2026-06-15</subfield>
    <subfield code="y">BOOK</subfield>
  </datafield>
  <datafield tag="952" ind1=" " ind2=" ">
    <subfield code="0">0</subfield>
    <subfield code="1">0</subfield>
    <subfield code="2">ddc</subfield>
    <subfield code="4">0</subfield>
    <subfield code="7">0</subfield>
    <subfield code="8">F</subfield>
    <subfield code="a">STANRL</subfield>
    <subfield code="b">NTHOL</subfield>
    <subfield code="c">CHILD</subfield>
    <subfield code="d">2026-06-15</subfield>
    <subfield code="l">0</subfield>
    <subfield code="o">ZUL JF KHAW</subfield>
    <subfield code="p">3228200065446</subfield>
    <subfield code="r">2026-06-15</subfield>
    <subfield code="w">2026-06-15</subfield>
    <subfield code="y">BOOK</subfield>
  </datafield>
  <datafield tag="952" ind1=" " ind2=" ">
    <subfield code="0">0</subfield>
    <subfield code="1">0</subfield>
    <subfield code="2">ddc</subfield>
    <subfield code="4">0</subfield>
    <subfield code="7">0</subfield>
    <subfield code="8">F</subfield>
    <subfield code="a">STANRL</subfield>
    <subfield code="b">PERD</subfield>
    <subfield code="c">CHILD</subfield>
    <subfield code="d">2026-06-15</subfield>
    <subfield code="l">0</subfield>
    <subfield code="o">ZUL JF KHAW</subfield>
    <subfield code="p">3228200065462</subfield>
    <subfield code="r">2026-06-15</subfield>
    <subfield code="w">2026-06-15</subfield>
    <subfield code="y">BOOK</subfield>
  </datafield>
  <datafield tag="952" ind1=" " ind2=" ">
    <subfield code="0">0</subfield>
    <subfield code="1">0</subfield>
    <subfield code="2">ddc</subfield>
    <subfield code="4">0</subfield>
    <subfield code="7">0</subfield>
    <subfield code="8">F</subfield>
    <subfield code="a">STANRL</subfield>
    <subfield code="b">SAKHL</subfield>
    <subfield code="c">CHILD</subfield>
    <subfield code="d">2026-06-15</subfield>
    <subfield code="l">0</subfield>
    <subfield code="o">ZUL JF KHAW</subfield>
    <subfield code="p">3228200065464</subfield>
    <subfield code="r">2026-06-15</subfield>
    <subfield code="w">2026-06-15</subfield>
    <subfield code="y">BOOK</subfield>
  </datafield>
  <datafield tag="952" ind1=" " ind2=" ">
    <subfield code="0">0</subfield>
    <subfield code="1">0</subfield>
    <subfield code="2">ddc</subfield>
    <subfield code="4">0</subfield>
    <subfield code="7">0</subfield>
    <subfield code="8">F</subfield>
    <subfield code="a">STANRL</subfield>
    <subfield code="b">SECL</subfield>
    <subfield code="c">CHILD</subfield>
    <subfield code="d">2026-06-15</subfield>
    <subfield code="l">0</subfield>
    <subfield code="o">ZUL JF KHAW</subfield>
    <subfield code="p">3228200065445</subfield>
    <subfield code="r">2026-06-15</subfield>
    <subfield code="w">2026-06-15</subfield>
    <subfield code="y">BOOK</subfield>
  </datafield>
  <datafield tag="952" ind1=" " ind2=" ">
    <subfield code="0">0</subfield>
    <subfield code="1">0</subfield>
    <subfield code="2">ddc</subfield>
    <subfield code="4">0</subfield>
    <subfield code="7">0</subfield>
    <subfield code="8">F</subfield>
    <subfield code="a">STANRL</subfield>
    <subfield code="b">STANL</subfield>
    <subfield code="c">CHILD</subfield>
    <subfield code="d">2026-06-17</subfield>
    <subfield code="l">0</subfield>
    <subfield code="o">ZUL JF KHAW</subfield>
    <subfield code="p">3228200065450</subfield>
    <subfield code="r">2026-06-17</subfield>
    <subfield code="w">2026-06-17</subfield>
    <subfield code="y">BOOK</subfield>
  </datafield>
  <datafield tag="952" ind1=" " ind2=" ">
    <subfield code="0">0</subfield>
    <subfield code="1">0</subfield>
    <subfield code="2">ddc</subfield>
    <subfield code="4">0</subfield>
    <subfield code="7">0</subfield>
    <subfield code="8">F</subfield>
    <subfield code="a">STANRL</subfield>
    <subfield code="b">STANDL</subfield>
    <subfield code="c">CHILD</subfield>
    <subfield code="d">2026-06-17</subfield>
    <subfield code="l">0</subfield>
    <subfield code="o">ZUL JF KHAW</subfield>
    <subfield code="p">3228200065449</subfield>
    <subfield code="r">2026-06-17</subfield>
    <subfield code="w">2026-06-17</subfield>
    <subfield code="y">BOOK</subfield>
  </datafield>
  <datafield tag="952" ind1=" " ind2=" ">
    <subfield code="0">0</subfield>
    <subfield code="1">0</subfield>
    <subfield code="2">ddc</subfield>
    <subfield code="4">0</subfield>
    <subfield code="7">0</subfield>
    <subfield code="8">F</subfield>
    <subfield code="a">STANRL</subfield>
    <subfield code="b">THUTL</subfield>
    <subfield code="c">CHILD</subfield>
    <subfield code="d">2026-06-17</subfield>
    <subfield code="l">0</subfield>
    <subfield code="o">ZUL JF KHAW</subfield>
    <subfield code="p">3228200065463</subfield>
    <subfield code="r">2026-06-17</subfield>
    <subfield code="w">2026-06-17</subfield>
    <subfield code="y">BOOK</subfield>
  </datafield>
  <datafield tag="952" ind1=" " ind2=" ">
    <subfield code="0">0</subfield>
    <subfield code="1">0</subfield>
    <subfield code="2">ddc</subfield>
    <subfield code="4">0</subfield>
    <subfield code="7">0</subfield>
    <subfield code="8">F</subfield>
    <subfield code="a">STANRL</subfield>
    <subfield code="b">TRICL</subfield>
    <subfield code="c">CHILD</subfield>
    <subfield code="d">2026-06-17</subfield>
    <subfield code="l">0</subfield>
    <subfield code="o">ZUL JF KHAW</subfield>
    <subfield code="p">3228200065451</subfield>
    <subfield code="r">2026-06-17</subfield>
    <subfield code="w">2026-06-17</subfield>
    <subfield code="y">BOOK</subfield>
  </datafield>
  <datafield tag="952" ind1=" " ind2=" ">
    <subfield code="0">0</subfield>
    <subfield code="1">0</subfield>
    <subfield code="2">ddc</subfield>
    <subfield code="4">0</subfield>
    <subfield code="7">0</subfield>
    <subfield code="8">F</subfield>
    <subfield code="a">STANRL</subfield>
    <subfield code="b">THISL</subfield>
    <subfield code="c">CHILD</subfield>
    <subfield code="d">2026-06-17</subfield>
    <subfield code="l">0</subfield>
    <subfield code="o">ZUL JF KHAW</subfield>
    <subfield code="p">3228200065455</subfield>
    <subfield code="r">2026-06-17</subfield>
    <subfield code="w">2026-06-17</subfield>
    <subfield code="y">BOOK</subfield>
  </datafield>
  <datafield tag="952" ind1=" " ind2=" ">
    <subfield code="0">0</subfield>
    <subfield code="1">0</subfield>
    <subfield code="2">ddc</subfield>
    <subfield code="4">0</subfield>
    <subfield code="7">0</subfield>
    <subfield code="8">F</subfield>
    <subfield code="a">STANRL</subfield>
    <subfield code="b">VUKU</subfield>
    <subfield code="c">CHILD</subfield>
    <subfield code="d">2026-06-17</subfield>
    <subfield code="l">0</subfield>
    <subfield code="o">ZUL JF KHAW</subfield>
    <subfield code="p">3228200065458</subfield>
    <subfield code="r">2026-06-17</subfield>
    <subfield code="w">2026-06-17</subfield>
    <subfield code="y">BOOK</subfield>
  </datafield>
  <datafield tag="952" ind1=" " ind2=" ">
    <subfield code="0">0</subfield>
    <subfield code="1">0</subfield>
    <subfield code="2">ddc</subfield>
    <subfield code="4">0</subfield>
    <subfield code="7">0</subfield>
    <subfield code="8">F</subfield>
    <subfield code="a">STANRL</subfield>
    <subfield code="b">VOLKL</subfield>
    <subfield code="c">CHILD</subfield>
    <subfield code="d">2026-06-17</subfield>
    <subfield code="l">0</subfield>
    <subfield code="o">ZUL JF KHAW</subfield>
    <subfield code="p">3228200065460</subfield>
    <subfield code="r">2026-06-17</subfield>
    <subfield code="w">2026-06-17</subfield>
    <subfield code="y">BOOK</subfield>
  </datafield>
  <datafield tag="952" ind1=" " ind2=" ">
    <subfield code="0">0</subfield>
    <subfield code="1">0</subfield>
    <subfield code="2">ddc</subfield>
    <subfield code="4">0</subfield>
    <subfield code="7">0</subfield>
    <subfield code="8">F</subfield>
    <subfield code="a">STANRL</subfield>
    <subfield code="b">EVANL</subfield>
    <subfield code="c">CHILD</subfield>
    <subfield code="d">2026-06-17</subfield>
    <subfield code="l">0</subfield>
    <subfield code="o">ZUL JF KHAW</subfield>
    <subfield code="p">3228200065454</subfield>
    <subfield code="r">2026-06-17</subfield>
    <subfield code="w">2026-06-17</subfield>
    <subfield code="y">BOOK</subfield>
  </datafield>
  <datafield tag="952" ind1=" " ind2=" ">
    <subfield code="0">0</subfield>
    <subfield code="1">0</subfield>
    <subfield code="2">ddc</subfield>
    <subfield code="4">0</subfield>
    <subfield code="7">0</subfield>
    <subfield code="8">F</subfield>
    <subfield code="a">STANRL</subfield>
    <subfield code="b">Leanl</subfield>
    <subfield code="c">CHILD</subfield>
    <subfield code="d">2026-06-17</subfield>
    <subfield code="l">0</subfield>
    <subfield code="o">ZUL JF KHAW</subfield>
    <subfield code="p">3228200065453</subfield>
    <subfield code="r">2026-06-17</subfield>
    <subfield code="w">2026-06-17</subfield>
    <subfield code="y">BOOK</subfield>
  </datafield>
  <datafield tag="952" ind1=" " ind2=" ">
    <subfield code="0">0</subfield>
    <subfield code="1">0</subfield>
    <subfield code="2">ddc</subfield>
    <subfield code="4">0</subfield>
    <subfield code="7">0</subfield>
    <subfield code="8">F</subfield>
    <subfield code="a">STANRL</subfield>
    <subfield code="b">MILAL</subfield>
    <subfield code="c">CHILD</subfield>
    <subfield code="d">2026-06-17</subfield>
    <subfield code="l">0</subfield>
    <subfield code="o">ZUL JF KHAW</subfield>
    <subfield code="p">3228200065452</subfield>
    <subfield code="r">2026-06-17</subfield>
    <subfield code="w">2026-06-17</subfield>
    <subfield code="y">BOOK</subfield>
  </datafield>
  <datafield tag="952" ind1=" " ind2=" ">
    <subfield code="0">0</subfield>
    <subfield code="1">0</subfield>
    <subfield code="2">ddc</subfield>
    <subfield code="4">0</subfield>
    <subfield code="7">0</subfield>
    <subfield code="8">F</subfield>
    <subfield code="a">STANRL</subfield>
    <subfield code="b">WAKKL</subfield>
    <subfield code="c">CHILD</subfield>
    <subfield code="d">2026-06-17</subfield>
    <subfield code="l">0</subfield>
    <subfield code="o">ZUL JF KHAW</subfield>
    <subfield code="p">3228200065457</subfield>
    <subfield code="r">2026-06-17</subfield>
    <subfield code="w">2026-06-17</subfield>
    <subfield code="y">BOOK</subfield>
  </datafield>
</record>
